| 000 | 00559nam a22001937a 4500 | ||
|---|---|---|---|
| 005 | 20251021162012.0 | ||
| 008 | 251021b |||||||| |||| 00| 0 eng d | ||
| 037 | _cTB | ||
| 040 |
_aCRL _cCRL |
||
| 041 |
_2ENG _aENG |
||
| 084 | _bCRL | ||
| 100 |
_aOttmar, Edenhofer _9849056 |
||
| 245 | _aClimate change 2014 mitigation of climate change | ||
| 260 |
_aCambridge, USA: _bCambridge University Press, _c2014. |
||
| 300 | _a1434p. | ||
| 365 |
_b65.00 _cPD |
||
| 942 |
_2CC _cTB _n0 |
||
| 999 |
_c1464931 _d1464931 |
||